000 00837nam0a22002531 4500
001 v19\rc\2042920
005 20260407125514.0
035 _a(NLR Aleph) 005122627
090 _a7609337
_c7609337
100 _a20081111d1904 |||y0rusy50 ca
101 0 _arus
102 _aRU
105 _ay z |||||
200 1 _aНовости торгового дома В. Бессель и К°
_e(За второе полугодие 1904 г.)
210 _aСанкт-Петербург
_dценз. 1904
215 _a3 с.
309 _aБез тит. л. и обл.
710 0 2 _a"Бессель, В. и Ко", торговый дом
_cПетербург
_9652564
_3RU\NLR\AUTH\8810075272
801 0 _aRU
_bNLR
_gpsbo
801 1 _aRU
_bProSoft-M
_2rusmarc
852 _aNLR
_bМ
_j999/Б-535(1)
942 _cBOOK
980 _aNB